000 00960 a2200193 4500
003 Nust
005 20221115121653.0
020 _a0153540761
040 _cNust
082 _a512.13,PAY
100 _aPayne ,Joseph N
_9102624
245 _aAlgebra two with trigonometry /
_cJoseph N Payne and Floyd F Zamboni
250 _a2nd ed
260 _aNew York
_bHarcourt Bracce
300 _a617:p
505 _aSystems of Numbers (Page-1), Polynomials and Factoring (Page-53), Rational Expressions (Page-95), Coordinate Geometry (Page-135), Relations and Functions (Page-193), Quadratic Functions (Page-231), Systems of Sentences (Page-291), Real Exponents (Page-347), Logarithmic Functions (Page-38), Conic Sections (Page-417), Sequences and Series (Page-449), Trigonometric Functions (Page-483), More Topics in Trigonometry (Page-525), Counting and Probability (Page-557).
650 _aAlgebra two with trigonometry
_9102625
942 _2ddc
_cBK
_k512.13,PAY
999 _c181997
_d181997